000 01063nam a22002177a 4500
005 20120309123426.0
010 _aB-456386
020 _a9780521706117
_c395.00
020 _a0521706114
_c395.00
035 _aB-456386
082 _a488.24076
100 _aHopkins,Diana
_944415
245 _aCambridge grammar for IELTS with answers :
_bself-study vocabulary grammar reference and practice /
_cby Diana Hopkins and Pauline Cullen
260 _aNew Delhi
_bCambridge University Press
_c2007
270 _aCambridge House,4381/4,Ansari Road,Daryaganj,
_bNew Delhi
_e110002
300 _axii,258p
_bill,
_c24cm(pbk)
_e+CD-Rom
700 _aCullen,Pauline
_943650
942 _2ddc
_cEN
_mHOP
_h488.24076
999 _c63897
_d63897